000 01138nam2a22002651 4500
001 v19\rc\1470280
005 20250618150202.0
035 _a(NLR Aleph) 004605917
090 _a2848258
_c2848258
100 _a20060620d1876 |||y0rusy50 ca
101 0 _arus
102 _aRU
105 _ay z |||||
200 0 _a... за первую половину 1875/6 учебного года
210 _dценз. 1876
_aБ. м.
215 _a25 с.
461 0 _1001v19\rc\1470279
_12001#$aОтчет о состоянии Симбирской чувашской школы...$v... за первую половину 1875/6 учебного года
_92848250
_aСимбирская чувашская учительская школа
_cКазань
_dценз. 1876
_tОтчет о состоянии Симбирской чувашской школы...
_v... за первую половину 1875/6 учебного года
801 0 _aRU
_bNLR
_gpsbo
801 0 _aRU
_bRuMoRGB
_2psbo
801 1 _aRU
_bProSoft-M
_2rusmarc
852 _aNLR
_j18.99.7.372
899 _aRuMoRGB
_jA 323/2
899 _aБАН
942 _cBOOK
980 _aNB